Private Jet by Picture - Part 1 - Statistics

General Stats
  • This quiz has been taken 455 times
  • The average score is 8 of 16
Answer Stats
Picture Answer % Correct
Citation Mustang
69%
Falcon 7X
69%
Phenom 300
63%
Falcon 2000
62%
Falcon 900
57%
Phenom 100
56%
G650
51%
Challenger 300
50%
Global 6000
48%
Citation XLS
44%
Challenger 604
43%
CJ3
39%
Legacy 650
39%
Hawker 400
37%
CJ2
34%
Hawker 900
31%
No matching quizzes found
Score Distribution
Percent of People with Each Score
Percentile by Number Answered
Your Score History
You have not taken this quiz